'Wrecking Ball' Lyrics Quiz Stats

 Plays Quiz Updated Aug 9, 2016

Challenge
Share
Tweet
Embed
Score 0/248 Timer 08:00
10 Plays Today
% Correct
Yeah,
100%
Yeah,
99.9%
Yeah,
99.9%
Yeah,
99.9%
Yeah,
99.9%
[Chorus 2]
98.1%
[Chorus 2]
98.1%
[Chorus 1]
98%
I
97.6%
I
97.6%
I
97.6%
I
97.6%
I
97.6%
I
97.6%
I
97.6%
I
97.6%
I
97.6%
I
97.6%
I
97.6%
I
97.6%
I
97.6%
I
97.6%
I
97.6%
I
97.6%
I
97.6%
I
97.6%
I
97.6%
I
97.6%
I
97.6%
I
97.6%
I
97.6%
a
96.7%
a
96.7%
a
96.7%
a
96.7%
a
96.7%
a
96.7%
a
96.7%
a
96.7%
a
96.7%
in
96.1%
in
96.1%
in
96.1%
in
96.1%
in
96.1%
in
96.1%
in.
96.1%
in.
96.1%
in
96.1%
in
96.1%
ball.
95.6%
ball.
95.6%
ball.
95.6%
wre-e-eck
95.5%
wre-e-eck
95.5%
wre-e-eck
95.5%
wre-e-eck
95.5%
wre-e-eck
95.5%
wre-e-eck
95.5%
wrecking
94.3%
wrecking
94.3%
wrecking
94.3%
like
93.9%
like
93.9%
like
93.9%
you
93.1%
you.
93.1%
you.
93.1%
you
93.1%
you,
93.1%
you
93.1%
you
93.1%
you
93.1%
you
93.1%
you,
93.1%
you
93.1%
you
93.1%
you
93.1%
you
93.1%
you
93.1%
you
93.1%
you.
93.1%
you
93.1%
% Correct
you,
93.1%
you
93.1%
came
92.9%
came
92.9%
came
92.9%
me.
88.5%
me.
88.5%
me
88.5%
me
88.5%
me.
88.5%
me.
88.5%
me
88.5%
me
88.5%
me
88.5%
me.
88.5%
me (x2)
88.5%
love
85.6%
love.
85.6%
never
84.9%
never
84.9%
never
84.9%
never
84.9%
to
82.2%
to
82.2%
to
82.2%
to
82.2%
to
82.2%
We
80.7%
we
80.7%
We
80.7%
We
80.7%
want
80.2%
want
80.2%
want
80.2%
ever
78.9%
ever
78.9%
ever
78.9%
ever
78.9%
ever
78.9%
your
77.8%
your
77.8%
so
76.7%
All
76.2%
All
76.2%
All
76.2%
All
76.2%
was
75.7%
was
75.7%
was
75.7%
was
75.7%
did
73.3%
did
73.3%
did
73.3%
just
73%
just
73%
just
73%
just
73%
just
73%
just
73%
will
72.5%
will
72.5%
will
72.5%
wanted
71.7%
wanted
71.7%
wanted
71.7%
always
71%
always
71%
always
71%
hard
71%
Don't
70.2%
Don't
70.2%
say
69.1%
say,
69.1%
break
68.6%
no
68.4%
on
68%
fell
67.5%
why.
66.2%
my
65.6%
my
65.6%
my
65.6%
away.
65.6%
away.
65.6%
% Correct
for
65%
the
63.7%
the
63.7%
and
63.6%
and
63.6%
and
63.6%
And
63.6%
and
63.6%
walked
63.6%
walked
63.6%
could
60.8%
one
60.2%
under
60%
spell:
59.5%
our
59.3%
asking
58.8%
let
58.6%
let
58.6%
let
58.6%
let
58.6%
let
58.6%
walls.
57.3%
can't
57.2%
hit
57%
hearts
56.6%
life.
56.2%
deny.
54.3%
meant
53.7%
meant
53.7%
live
53.1%
lie,
52.1%
running
51%
kissed;
50.7%
vain.
50%
war.
49.5%
war.
49.5%
jumped,
49.4%
start
49.3%
start
49.3%
up
47.4%
of
47.1%
you're
46.5%
chained
46.3%
down.
46%
now
45.8%
now
45.8%
not
45.6%
It
44.8%
clawed;
44%
we're
42.8%
fall.
42.7%
fall.
42.7%
sky,
42.5%
high
40.3%
coming
39.3%
eyes
38.5%
eyes
38.5%
ground.
37%
closed
36.5%
closed
36.5%
guess
35.9%
guess
35.9%
put
34.9%
should've
34.9%
should've
34.9%
force,
34.5%
burn,
33.7%
instead
33.5%
ashes
33.1%
using
32.5%
win.
31%
win.
31%
slowly
30.4%
swung.
29.6%
swung.
29.6%
turned;
28.2%
blazing
27.1%
blazing
27.1%
crashing
26.6%
crashing
26.6%
Left
25.2%
Left
25.2%

You're not logged in!

Compare scores with friends on all Sporcle quizzes.
OR
Log In

You Might Also Like...

Show Comments

Extras

Top Quizzes Today


Score Distribution

Your Account Isn't Verified!

In order to create a playlist on Sporcle, you need to verify the email address you used during registration. Go to your Sporcle Settings to finish the process.

Report this User

Report this user for behavior that violates our Community Guidelines.

Details: